|
|
|
|
| LEADER |
00870nam a2200217 a 4500 |
| 001 |
011945020 |
| 008 |
090817s1988 enka b 000 0 eng d |
| 020 |
|
|
|a 0194370984 (pbk) :
|c 6.50
|
| 040 |
|
|
|a Uk
|c Uk
|
| 082 |
0 |
0 |
|a 808/.042/024372
|2 19
|
| 100 |
1 |
|
|a Hedge, Tricia.
|
| 245 |
1 |
0 |
|a Writing /
|c Tricia Hedge.
|
| 260 |
|
|
|a Oxford :
|b Oxford University Press,
|c 1988.
|
| 300 |
|
|
|a x, 168 p. :
|b ill. ;
|c 25 cm.
|
| 490 |
0 |
|
|a Resource books for teachers
|
| 541 |
1 |
|
|e 00011310
|
| 650 |
|
0 |
|a English language
|x Rhetoric
|x Study and teaching.
|
| 650 |
|
0 |
|a English language
|a Composition
|a For teaching.
|
| 852 |
4 |
|
|a Ayesha Abed Library
|j General shelf
|
| 999 |
|
|
|c 3630
|d 3630
|
| 952 |
|
|
|0 0
|1 0
|2 ddc
|4 0
|6 808_042024372000000_HED_1999
|7 0
|8 NFIC
|9 3294
|a BRACUL
|b BRACUL
|c GEN
|d 2009-09-02
|g 0.00
|l 0
|o 808.042024372 HED
|p 3010011310
|r 2009-09-02
|t 1
|w 2009-09-02
|y BK
|x No price found in the accession register.
|